000 00613nam a22001937a 4500
005 20251108173317.0
008 250721s2004 xx 000 0 ara d
020 _a9953721211
082 1 4 _a615.882/رزق
100 1 _aرزق، هيام
245 1 0 _aأسرار العلاج بالشاي و الحمضيات /
264 1 _aبيروت :
_bدار القلم للطباعة و النشر و التوزيع،
_c2004.
490 0 _aدليلك الطبي الطبيعي
650 1 7 _aالعلاج الطبيعي
650 1 7 _aالشاي
650 1 7 _aالليمون
942 _2ddc
_cBK
999 _c100957
_d100957